000 01699nam a2200493 i 4500
001 6421
003 KOSZ 005
005 20200511123842.0
008 970510s1992 pl a f |000 0 pol
015 _aPB 1994/2973
035 _a991000438169705066
035 _a(PL-WaBN)b10160115-48omnis_nlop
035 _ab10160115
035 _a(OCoLC)751273310
035 _a(PL)b0000001016011
035 _a(EXLNZ-48OMNIS_NETWORK)9910256853905606
040 _aWA N
_cWA N
_dKOSZ 005/EC
041 _apol
046 _k1992
080 _a331.101.1
080 _a(075.8)
100 1 _aWieczorek, Stanisław
_c(psycholog)
_eAutor
245 1 0 _aPodstawy ergonomii /
_cStanisław Wieczorek.
260 _aRzeszów :
_bPolitechnika Rzeszowska im. Ignacego Łukasiewicza,
_c1992
_e(Rzesz. :
_fPR).
300 _a302 s. :
_brys., wykr. ;
_c24 cm.
336 _2rdacontent
_aTekst
_btxt
337 _2rdamedia
_aBez urządzenia pośredniczącego
_bn
338 _2rdacarrier
_aWolumin
_bnc
380 _aKsiążki
380 _aPublikacje dydaktyczne
385 _aSzkoły wyższe
_mPoziom nauczania
388 _a1901-2000
388 _a1989-2000
521 _aSkrypt dla studentów do przedmiotu Ergonomia i psychologia pracy, nauka o pracy.
650 7 _aErgonomia
_2DBN
655 7 _aPodręczniki akademickie
_2DBN
658 _aInżynieria i technika
658 _aMedycyna i zdrowie
658 _aZarządzanie i marketing
710 2 _aPolitechnika Rzeszowska im. Ignacego Łukasiewicza
_4pbl
856 _uhttp://koha.tu.koszalin.pl/cgi-bin/koha/opac-detail.pl?biblionumber=6421
_yKatalog online BPK
942 _2UKD
_cKS
999 _c6421
_d6421